| 000 | 00687nam a22002292 4500 | ||
|---|---|---|---|
| 001 | 0000005155 | ||
| 005 | 20151217151954.0 | ||
| 008 | 070607s xx 000 0 eng d | ||
| 020 |
_a0340731869 : _cKES 1,999 |
||
| 040 |
_aKABU _cKABU |
||
| 050 | 0 |
_aTK454 _b.W38 1999 |
|
| 100 | 1 |
_aWatkins, A. _@0000156291 |
|
| 245 | 1 | 0 |
_aElectrical installation calculations. volume 3 / _cA. J. Watkins. |
| 250 |
_a3rd ed. / _bprepared by Russel K. Parton. |
||
| 260 |
_aOxford : _bNewnes, _c1999. |
||
| 300 | _aviii, 189 p. | ||
| 362 | 0 | _av. 3. | |
| 650 | 0 |
_aElectrical circuits. _@0000156290 |
|
| 908 | _a070607 | ||
| 950 | _@1 | ||
| 999 |
_c6876 _d6876 |
||